[Event "2nd Lille Open"]
[Site "Lille FRA"]
[Date "2011.04.28"]
[Round "5.7"]
[White "Arizmendi Martinez,J"]
[Black "Bakalarz,M"]
[Result "1-0"]
[WhiteElo "2561"]
[BlackElo "2323"]

1.d4 d5 2.c4 Nc6 3.Nf3 Bg4 4.cxd5 Bxf3 5.gxf3 Qxd5 6.e3 e5 7.Nc3 Bb4 8.Bd2 Bxc3
9.bxc3 Qd6 10.Be2 Nge7 11.O-O O-O 12.Qb3 Rab8 13.Rad1 b5 14.Bc1 a5 15.Kh1 a4
16.Qc2 Ng6 17.dxe5 Qxe5 18.Ba3 Rfe8 19.f4 Qf6 20.c4 b4 21.Bb2 b3 22.axb3 axb3
23.Qb1 Qe7 24.Rg1 f6 25.Qf5 Rbd8 26.c5 Kf8 27.Qh5 Rxd1 28.Bxd1 Rd8 29.Bf3 Rd2
30.Bc1 Rxf2 31.Bxc6 b2 32.Bxb2 Rxb2 33.Rxg6 Qxe3 34.Rg1 h6 35.Bd5 Qe7 36.Qxh6  1-0

[Event "29th Metz Open A"]
[Site "Longeville-les-Metz FRA"]
[Date "2011.05.02"]
[Round "1.8"]
[White "Malakhatko,V"]
[Black "Marzolf,B"]
[Result "1-0"]
[WhiteElo "2546"]
[BlackElo "2254"]

1.d4 d5 2.c4 Nc6 3.cxd5 Qxd5 4.e3 e5 5.Nc3 Bb4 6.Bd2 Bxc3 7.bxc3 Nf6 8.f3 O-O
9.e4 Qd6 10.Be3 b6 11.Ne2 Rd8 12.d5 Ne7 13.c4 c6 14.Nc3 Bd7 15.Qb3 Ne8 16.Be2 cxd5
17.cxd5 Qg6 18.O-O Nd6 19.Rac1 Nec8 20.Bd3 f5 21.Qb2 f4 22.Bd2 Qf6 23.Nb5 Nxb5
24.Bxb5 Nd6 25.Bxd7 Rxd7 26.Rc6 Rad8 27.Bb4 Qg5 28.Rfc1 h5 29.a4 Kh7 30.Qa3 Nf7
31.Re6  1-0

[Event "29th Metz Open A"]
[Site "Longeville-les-Metz FRA"]
[Date "2011.05.03"]
[Round "3.9"]
[White "Mikhalevski,V"]
[Black "Marzolf,B"]
[Result "1-0"]
[WhiteElo "2577"]
[BlackElo "2254"]

1.d4 d5 2.c4 Nc6 3.Nc3 Nf6 4.cxd5 Nxd5 5.Nf3 Bg4 6.e4 Bxf3 7.gxf3 Nxc3 8.bxc3 e5
9.Rb1 Bd6 10.Rxb7 O-O 11.Qa4 Ne7 12.h4 a5 13.h5 exd4 14.Qxd4 c5 15.Qd2 Rb8
16.h6 g6 17.Rxb8 Qxb8 18.Bc4 Kh8 19.Ke2 f6 20.Rd1 Rd8 21.Qb2 Qc7 22.Bb5 g5
23.Bxg5 Be5 24.Rxd8+ Qxd8 25.Be3 Qb8 26.a4 Ng6 27.Qd2 Nf4+ 28.Kd1  1-0

[Event "ch-UKR semi-final"]
[Site "Alushta UKR"]
[Date "2011.05.05"]
[Round "3.26"]
[White "Iljin,T"]
[Black "Molchanov,N"]
[Result "1-0"]
[WhiteElo "2494"]
[BlackElo "2224"]

1.d4 d5 2.c4 Nc6 3.Nc3 Nf6 4.cxd5 Nxd5 5.e4 Nxc3 6.bxc3 e5 7.d5 Nb8 8.Nf3 Bd6
9.Bd3 h6 10.h3 O-O 11.O-O Nd7 12.c4 Nc5 13.Bb2 Qe7 14.Re1 Bd7 15.Rc1 b6 16.Bf1 Ba4
17.Qd2 a5 18.g3 Rfe8 19.Nh4 Bd7 20.Re3 Qg5 21.Bg2 g6 22.Nf3 Qe7 23.Ree1 Kh7
24.Rcd1 Qf6 25.Bc1 Qg7 26.Qe2 Ba4 27.Rd2 f5 28.exf5 gxf5 29.Bb2 Ne4 30.Rd3 Bc5
31.Re3 Nxg3 32.fxg3 f4 33.gxf4 Rg8 34.Kh1 Bxe3 35.fxe5 Rae8 36.Nh4 Bg5 37.e6 Bf6
38.Be4+ Kh8 39.Ng6+ Qxg6 40.Bxg6 Rxg6 41.Bxf6+ Rxf6 42.Qe5 Rf8 43.e7 Rf7
44.e8=Q+ Bxe8 45.Qxe8+ Rf8 46.Qe5 Kh7 47.Qxc7+  1-0

[Event "ch-UKR semi-final"]
[Site "Alushta UKR"]
[Date "2011.05.05"]
[Round "3.58"]
[White "Kigel,D"]
[Black "Vershigora,Y"]
[Result "1-0"]
[WhiteElo "2198"]
[BlackElo "1988"]

1.d4 d5 2.c4 Nc6 3.Nf3 Bg4 4.Nc3 dxc4 5.d5 Bxf3 6.gxf3 Nb8 7.e4 c6 8.Bxc4 Nf6
9.Bf4 g6 10.Qb3 Qb6 11.dxc6 Qxb3 12.axb3 bxc6 13.Bxb8 Rxb8 14.Rxa7 e6 15.Rc7 Bh6
16.Rxc6 O-O 17.O-O Rfd8 18.Rd1 Bf4 19.Rxd8+ Rxd8 20.b4 Nh5 21.Ne2 Be5 22.b3 Nf4
23.Nxf4 Bxf4 24.Ra6 h5 25.b5 h4 26.Kg2 Kg7 27.Ra7 Kf6 28.Ra2 Ke5 29.Be2 Kf6
30.Rc2 Rd2 31.Rxd2 Bxd2 32.Kh3 g5 33.Kg4 Bf4 34.h3 Kg6 35.Bd3 Kh6 36.b6 Bb8
37.Bb5 Bf4 38.Bc4 Kg6 39.Bd3 Kh6 40.Bb5 Kg6 41.Be8 Kf6 42.b7 Ke7 43.Bb5 f6
44.Bc4 Bb8 45.Kh5 Bh2 46.Bb5 Bb8 47.Kg6 Be5 48.b4 Bb8 49.Ba4 Be5 50.Kh7 Kf7
51.Bb3 Bb8 52.Kh6 Be5 53.Kh7 Bb8 54.Ba2 Bc7 55.Kh8 Bb8 56.Kh7 Bc7 57.Kh6 Bb8
58.Kh5 Bf4 59.Kg4 Ke7 60.Bb3 Kf7 61.Bc4 Ke7 62.Kh5 Kf7 63.Ba2 Ke7 64.Kg6 Be5
65.Kh6 Bb8 66.Kh5 Bf4 67.Kg6 Be5 68.f4 Bxf4 69.Kh5 Be5 70.Kg4 Kd7 71.Kf3 Bf4
72.Ke2 Kc7 73.Bxe6 Kxb7 74.Bd7 Kc7 75.Be8 Kb6 76.b5 Kc5 77.Bc6 Bh2 78.Kf3 Bc7
79.Kg4 Bf4 80.Kh5 Kb6 81.Kg6 Be5 82.Kf7 Kc7 83.Ke7 Bd4 84.f3 Be5 85.Bd5 Bc3
86.Bc4 Be5 87.Ke6 Kb6 88.Bd3 Kc5 89.Kf5 Kd4 90.Bf1 Kc5 91.f4 gxf4 92.Kg4 Kd4
93.Kxh4 Kxe4 94.Kg4 f3 95.h4 Bf4 96.Bc4 f2 97.Bf1 f5+ 98.Kh5 Bg3 99.Kg5 f4
100.h5 f3 101.h6 Bf4+ 102.Kg6 Ke3 103.h7 Be5 104.Kf5 Bc3 105.b6 Kd2 106.Ke4  1-0

[Event "FSIM May"]
[Site "Budapest HUN"]
[Date "2011.05.08"]
[Round "2.5"]
[White "Holm,Kristian Stuvik"]
[Black "Lyell,M"]
[Result "0-1"]
[WhiteElo "2273"]
[BlackElo "2171"]

1.d4 d5 2.c4 Nc6 3.Nc3 dxc4 4.d5 Ne5 5.f4 Ng4 6.e4 e5 7.f5 h5 8.Nf3 Bc5 9.Bxc4 Nf2
10.Qb3 Nf6 11.Rf1 N2xe4 12.Nxe4 Nxe4 13.Be3 O-O 14.Bxc5 Nxc5 15.Qe3 e4 16.Qxc5 exf3
17.Rxf3 Qh4+ 18.Kf1 Qxh2 19.Re1 Qh1+ 20.Kf2 Qh4+ 21.Kf1 Bd7 22.f6 Rae8 23.Re7 Bg4
24.d6 Bxf3 25.Bxf7+ Rxf7 26.Rxe8+ Kh7 27.gxf3 cxd6 28.Qf5+ g6 29.Qe6 Qxf6
30.Qxf6 Rxf6 31.Re7+ Kg8 32.Ke2 Rf7 33.Re6 Kg7 34.Rxd6 Kh6 35.Kf2 h4 36.Kg2 Kh5
37.Rd5+ g5 38.Rd8 Kg6 39.Rd6+ Kh5 40.Rd8 Kg6 41.Rd6+ Kf5 42.Rd5+ Kf4 43.Kf2 Rc7
44.Rd4+ Ke5 45.Rd2 a5 46.Ke3 a4 47.a3 Rc5 48.Rg2 Kf5 49.Rf2 Re5+ 50.Kd4 Kf4
51.Rg2  0-1

[Event "29th Metz Open A"]
[Site "Longeville-les-Metz FRA"]
[Date "2011.05.08"]
[Round "9.15"]
[White "Maloberti,D"]
[Black "Marzolf,B"]
[Result "1/2-1/2"]
[WhiteElo "2111"]
[BlackElo "2254"]

1.d4 d5 2.c4 Nc6 3.Nf3 Bg4 4.cxd5 Bxf3 5.gxf3 Qxd5 6.e3 e6 7.Nc3 Qh5 8.Bb5 Ne7
9.f4 Qxd1+ 10.Kxd1 O-O-O 11.b3 a6 12.Bf1 Nf5 13.Bd2 Ba3 14.Bh3 Nce7 15.Ke2 h6
16.Ne4 Nd5 17.Bxf5 exf5 18.Ng3 g6 19.Rab1 Rd6 20.Rhd1 Re8 21.Kf3 Rc6 22.Be1 Ree6
23.Rd2 h5 24.Ne2 h4 25.Rbd1 f6 26.h3 g5 27.Rd3 Rc2 28.R1d2 Rxd2 29.Rxd2 Kd7
30.Rc2 Bd6 31.Bd2 Re4 32.Nc3 Nxc3 33.Bxc3 Ke6 34.Rc1 Kd5 35.Rg1 Be7 36.fxg5 fxg5
37.Bb2 c6 38.Bc3 Re6 39.Ke2 b6 40.Kd3 b5 41.f3 c5 42.Re1 c4+ 43.bxc4+ bxc4+
44.Kd2 Bd8 45.Rg1 Rg6 46.Re1 Re6 47.Rg1 Rg6  1/2-1/2

[Event "ch-Euro Indiv Women"]
[Site "Tbilisi GEO"]
[Date "2011.05.11"]
[Round "5"]
[White "Nikoladze,S"]
[Black "Imnadze,N"]
[Result "1-0"]
[WhiteElo "2278"]
[BlackElo "1962"]

1.d4 d5 2.c4 Nc6 3.e3 Nf6 4.Nc3 e6 5.Nf3 Be7 6.Bd3 Nb4 7.Be2 dxc4 8.Bxc4 Nbd5
9.Qe2 O-O 10.O-O c5 11.Rd1 Nxc3 12.bxc3 Qc7 13.Bb3 b6 14.Ne5 Bb7 15.Bb2 Rfd8
16.c4 Bd6 17.f4 Qe7 18.d5 exd5 19.cxd5 Bxe5 20.fxe5 Nxd5 21.Rf1 Qg5 22.Rf3 Rf8
23.Raf1 Rae8 24.e4 Rxe5 25.Rg3 Qe7 26.Qg4 f5 27.Bxd5+ Bxd5 28.Qxg7+ Qxg7
29.Rxg7+ Kxg7 30.Bxe5+ Kg6 31.exd5  1-0

[Event "6th Paradiso Amateur Open"]
[Site "Paradiso SUI"]
[Date "2011.05.13"]
[Round "1.6"]
[White "Boudkeev,Timour"]
[Black "Colmenares,A"]
[Result "0-1"]
[WhiteElo "1849"]
[BlackElo "2257"]

1.d4 d5 2.c4 Nc6 3.Nc3 dxc4 4.Nf3 Bg4 5.e3 e5 6.d5 Nce7 7.Bxc4 Nf6 8.Qa4+ Bd7
9.Qb3 Ng6 10.d6 Bxd6 11.Bxf7+ Ke7 12.Bxg6 hxg6 13.Ng5 Qg8 14.Qxb7 Qc4 15.Nge4 Bc6
16.Nxd6 Kxd6 17.Qb3 Qxb3 18.axb3 Bxg2 19.Rg1 Rxh2 20.Ke2 e4 21.Nb5+ Ke7 22.Rxa7 Bf3+
23.Ke1 Rxa7 24.Nxa7 Ng4 25.Nc6+ Kf6 26.Nd4 Ne5 27.Kf1 Nd3 28.Bd2 Rxf2+  0-1

[Event "TCh-HUN 2010-11"]
[Site "Budapest HUN"]
[Date "2011.05.15"]
[Round "11"]
[White "Zsinka,L"]
[Black "Bors,T"]
[Result "1-0"]
[WhiteElo "2285"]
[BlackElo "2253"]

1.d4 d5 2.c4 Nc6 3.Nc3 Nf6 4.Nf3 e6 5.Bg5 Be7 6.e3 Ne4 7.Bxe7 Nxe7 8.Bd3 f5
9.Ne5 O-O 10.f3 Nd6 11.O-O Nf7 12.Nxf7 Rxf7 13.c5 c6 14.b4 Qc7 15.f4 Kh8
16.a4 Bd7 17.b5 Rg8 18.a5 g5 19.b6 axb6 20.axb6 Qb8 21.Ne2 Rfg7 22.fxg5 Rxg5
23.Nf4 e5 24.dxe5 Qxe5 25.Qf3 d4 26.exd4 Qxd4+ 27.Qf2 Qg7 28.g3 h5 29.Kh1 Nd5
30.Ra4 Nf6 31.Ng2 Be6 32.Ne3 Qd7 33.Bxf5 Bxf5 34.Nxf5 Qd5+ 35.Kg1 Ng4 36.Qd4+ Qxd4+
37.Rxd4 Rf8 38.Rdf4 Ne5 39.Nd6 Rxf4 40.Rxf4 Rg7 41.Rf8+ Kh7 42.Rb8 Nd7 43.Rxb7 Nxc5
44.Rc7 Na6 45.Rxc6  1-0

[Event "XXX Zalakaros Open"]
[Site "Zalakaros HUN"]
[Date "2011.05.20"]
[Round "1"]
[White "Dankhazi,A"]
[Black "Ruck,T"]
[Result "1-0"]
[WhiteElo "2070"]
[BlackElo "2313"]

1.d4 d5 2.c4 Nc6 3.Nc3 dxc4 4.d5 Ne5 5.Bf4 Ng6 6.Bg3 e5 7.e4 a6 8.Bxc4 Bd6
9.Nf3 Nf6 10.O-O Qe7 11.Ne1 h5 12.h3 h4 13.Bh2 b5 14.Bd3 b4 15.Ne2 Nh5 16.Qc1 Bd7
17.Nc2 Nhf4 18.Nxf4 Nxf4 19.Bxf4 exf4 20.Nd4 O-O 21.Re1 Qf6 22.Nf3 Rfe8 23.Qd2 a5
24.Qe2 Bf5 25.Qc2 Bg6 26.Rac1 Re7 27.e5 Bxd3 28.Qc6 Ra6 29.exf6 Rxe1+ 30.Nxe1 Rxc6
31.dxc6 Be4 32.fxg7 a4 33.b3 axb3 34.axb3 Kxg7 35.Nf3 Bd5 36.Nd4 Kf6 37.Nb5 Be5
38.f3 Bxb3 39.Rb1 Bd5 40.Rxb4 Bxc6 41.Kf2 Bd5 42.Ke2 Ke7 43.Kd3 c5 44.Ra4 Kd7
45.Nc3 c4+ 46.Kd2 Be6 47.Ne4 Kc6 48.Ra5 Bd4 49.Kc2 f5 50.Ra6+ Bb6 51.Nc3 Kb7
52.Ra1 Bf2 53.Rf1 Be3 54.Re1 Bg8 55.Nd1 Bd4 56.Re8 Bd5 57.Rd8 Kc6 58.Nc3  1-0

[Event "Trophee Roza Lallemand"]
[Site "Chalons en Champagne FRA"]
[Date "2011.05.21"]
[Round "2.2"]
[White "Maisuradze,N"]
[Black "Dacalor,A"]
[Result "1-0"]
[WhiteElo "2310"]
[BlackElo "1935"]

1.d4 d5 2.c4 Nc6 3.Nf3 Bg4 4.Bf4 Bxf3 5.gxf3 e6 6.e3 Nf6 7.Nc3 dxc4 8.Bxc4 Nh5
9.Bg3 Nxg3 10.hxg3 Be7 11.Bb5 Qd6 12.Qa4 O-O 13.Bxc6 bxc6 14.Rc1 Rfb8 15.Ne4 Qb4+
16.Qxb4 Bxb4+ 17.Ke2 Rb6 18.Rc2 h6 19.g4 Rd8 20.Rhc1 Bd6 21.b3 Ra6 22.Nd2 Kf8
23.a4 Rb8 24.Rxc6 Rbb6 25.Rxb6 Rxb6 26.Kd3 Ke7 27.Rb1 Bb4 28.Nc4 Rc6 29.Rb2 f6
30.Rc2 Kd7 31.e4 Bf8 32.f4 Bb4 33.f5 Be1 34.f4 exf5 35.gxf5 Ke8 36.d5 Rc5
37.Kd4 Bb4 38.e5 Ke7 39.Rg2 Kf8 40.Rg6 c6 41.d6 Rd5+ 42.Ke4 fxe5 43.fxe5 Bc5
44.f6 gxf6 45.Rxf6+ Kg7 46.Rf3 h5 47.Kf5 h4 48.Ke4  1-0

[Event "Orlova WGM"]
[Site "Orlova CZE"]
[Date "2011.05.21"]
[Round "1"]
[White "Bhakti,K"]
[Black "Miturova,M"]
[Result "1-0"]
[WhiteElo "2333"]
[BlackElo "2103"]

1.d4 d5 2.c4 Nc6 3.cxd5 Qxd5 4.Nf3 e5 5.Nc3 Bb4 6.Bd2 Bxc3 7.Bxc3 e4 8.Nd2 e3
9.fxe3 Nf6 10.Qb3 Qxb3 11.axb3 Bf5 12.g3 O-O-O 13.Bg2 Rhe8 14.Bxc6 bxc6 15.Rxa7 Kb8
16.Ra5 Be4 17.O-O Bd5 18.Rfa1 Kc8 19.Nc4 Ng4 20.h3 Bxc4 21.bxc4 Nxe3 22.Rc5 Kb7
23.Kf2 Rd6 24.Re5 Nc2 25.Rc1 Rf6+ 26.Kg1  1-0

[Event "ch-UZB Major"]
[Site "Tashkent UZB"]
[Date "2011.05.22"]
[Round "2"]
[White "Kvon,A"]
[Black "Holmirzaev,B"]
[Result "1-0"]
[WhiteElo "2459"]
[BlackElo "2377"]

1.d4 d5 2.c4 Nc6 3.Nc3 dxc4 4.Nf3 Bg4 5.d5 Bxf3 6.exf3 Ne5 7.Bf4 Ng6 8.Bxc4 Nf6
9.Bg3 a6 10.Rc1 c6 11.O-O b5 12.Bb3 c5 13.Ne4 Nxe4 14.fxe4 Rc8 15.f4 e5 16.fxe5 c4
17.d6 Qd7 18.Qd5 h5 19.Rxf7 Ne7 20.Rxe7+ Bxe7 21.e6 Qa7+ 22.Bf2 Qb8 23.d7+ Kf8
24.Qf5+ Bf6 25.dxc8=Q+ Qxc8 26.e5  1-0

[Event "XXX Zalakaros Open"]
[Site "Zalakaros HUN"]
[Date "2011.05.22"]
[Round "3"]
[White "Kantor,G"]
[Black "Hrbolka,L sr"]
[Result "1-0"]
[WhiteElo "2210"]
[BlackElo "2111"]

1.d4 d5 2.c4 Nc6 3.Nc3 Nf6 4.cxd5 Nxd5 5.e4 Nxc3 6.bxc3 e5 7.d5 Nb8 8.Nf3 Bd6
9.Be2 O-O 10.O-O Nd7 11.Be3 Qe7 12.c4 Nc5 13.Nd2 Bd7 14.Bg4 Ba4 15.Qf3 a6
16.Rab1 b5 17.Rfc1 Rab8 18.cxb5 Bxb5 19.g3 Ba4 20.h4 Rxb1 21.Rxb1 Bb5 22.Bh3 c6
23.dxc6 Bxc6 24.Rc1 Bb7 25.Bg2 Ne6 26.Qe2 Rc8 27.Rxc8+ Bxc8 28.Nc4 Nd4 29.Qb2 Bc5
30.Qb8 Qf8 31.Qxe5 Ne6 32.Bh3 Be7 33.Nb6 Bd6 34.Qc3 Bb7 35.Qb3 Nc5 36.Bxc5 Bxc5
37.Nd7  1-0

[Event "Orlova Open"]
[Site "Orlova CZE"]
[Date "2011.05.24"]
[Round "4.22"]
[White "Lisowski,Adam"]
[Black "Didi,J"]
[Result "0-1"]
[WhiteElo "1563"]
[BlackElo "2031"]

1.d4 d5 2.c4 Nc6 3.e3 e5 4.cxd5 Qxd5 5.Nc3 Bb4 6.Bd2 Bxc3 7.bxc3 exd4 8.cxd4 Nf6
9.Nf3 O-O 10.Be2 Bg4 11.O-O Rfe8 12.Qc2 Rad8 13.Rfd1 Qh5 14.Be1 Nd5 15.Rab1 Rd6
16.Bd2 Rh6 17.e4 Bxf3 18.Bxf3 Qxh2+ 19.Kf1 Nxd4  0-1

[Event "Orlova WGM"]
[Site "Orlova CZE"]
[Date "2011.05.27"]
[Round "7.5"]
[White "Gazik,R"]
[Black "Miturova,M"]
[Result "1-0"]
[WhiteElo "2074"]
[BlackElo "2103"]

1.d4 d5 2.c4 Nc6 3.cxd5 Qxd5 4.e3 e5 5.Nc3 Bb4 6.Bd2 Bxc3 7.bxc3 Nf6 8.c4 Qd6
9.d5 Nb8 10.Qb1 Na6 11.e4 Nc5 12.Bd3 O-O 13.Ne2 Nfd7 14.Ng3 Qb6 15.Bc2 Re8
16.Qd1 Qg6 17.O-O b6 18.f4 f6 19.f5 Qf7 20.Qe2 a5 21.Rac1 Ba6 22.Bd1 Red8
23.Rc3 Kf8 24.Nh5 Ke7 25.Qg4 Rg8 26.Be2 Kd8 27.Be3 Kc8 28.Bxc5 Nxc5 29.Rg3 Kb8
30.Nxg7 Ka7 31.h4 Nxe4 32.Qxe4 Rxg7 33.Rxg7 Qxg7 34.c5 Bxe2 35.Qxe2 Qd7 36.Qe4 bxc5
37.Rc1 Qb5 38.Rb1 Qd7 39.Qc4 Rd8 40.Qxc5+ Ka6 41.Qc4+ Ka7 42.Rb5 Qd6 43.Qc3 h6
44.Qxa5+  1-0

[Event "Scandinavian Chess Tournament"]
[Site "Stockholm SWE"]
[Date "2011.06.02"]
[Round "2"]
[White "Surikov,V"]
[Black "Fomina,T"]
[Result "0-1"]
[WhiteElo "1898"]
[BlackElo "2224"]

1.d4 d5 2.c4 Nc6 3.e3 Nf6 4.Nc3 e6 5.a3 a5 6.b3 Be7 7.Nf3 Ne4 8.Nxe4 dxe4
9.Nd2 f5 10.Be2 O-O 11.O-O Bf6 12.Bb2 Bd7 13.f3 Bg5 14.f4 Bf6 15.Kh1 g5 16.g3 Be8
17.c5 Ne7 18.Nc4 Nd5 19.Qd2 a4 20.b4 Bb5 21.Ne5 Bxe2 22.Qxe2 Bxe5 23.dxe5 Rf7
24.Bd4 Rg7 25.Rg1 Qe8 26.Rg2 h5 27.Kg1 g4 28.Kf1 h4 29.gxh4 Qe7 30.Qf2 Kf7
31.h3 Rag8 32.hxg4 Rxg4 33.Rxg4 Rxg4 34.Ke2 Qxh4 35.Qxh4 Rxh4 36.Rf1 Ke7
37.Rf2 Kd7 38.b5 Rh1 39.Rf1 Rh8 40.Rf2 Ne7 41.Ke1 Nc8 42.Kd2 Rh1 43.Kc3 Rb1
44.Rb2 Rxb2 45.Kxb2 Ne7 46.Kc2 Ke8 47.Kd2 Kd7 48.Kc2 Nd5 49.Kd2 Kc8 50.Ke2 Kb8
51.Kd2 Ka7 52.c6+ Kb8 53.Bc5 Kc8 54.Kc2 b6 55.Bd4 Kd8 56.Kd2 Ke8 57.Ke2 Kf7
58.Kf2 Kg6 59.Bb2 Kh5 60.Bd4 Kg4 61.Bb2 Ne7 62.Ke2 Kg3 63.Kd2 Kf3 64.Bc3 Nc8
65.Bb4 Na7 66.Be7 Nxb5 67.Bd8 Kg4 68.Kc1 Kh5 69.Kd2 Kg6 70.Be7 Kf7 71.Bb4 Na7
72.Kc3 Nxc6 73.Kc4 Na7 74.Be1 c5 75.Bh4 Ke8 76.Bf6 Kd7 77.Bg5 Kc6 78.Be7 b5+
79.Kc3 Nc8 80.Bf8 Nb6 81.Bd6 Nd5+ 82.Kd2 b4 83.axb4 cxb4 84.Bf8 Kb5 85.Bd6 Kc4
86.Bf8 a3 87.Kc2 b3+ 88.Kb1 Nc3+ 89.Kc1 b2+ 90.Kd2 b1=Q  0-1

[Event "Zonal 3.4 Women"]
[Site "Tashkent UZB"]
[Date "2011.06.10"]
[Round "3.4"]
[White "Nakhbayeva,G"]
[Black "Nasriddinzoda,M"]
[Result "1-0"]
[WhiteElo "2244"]
[BlackElo "2011"]

1.d4 d5 2.c4 Nc6 3.Nf3 Bg4 4.cxd5 Bxf3 5.dxc6 Bxc6 6.Nc3 e6 7.e3 Nf6 8.f3 Be7
9.Bc4 O-O 10.O-O Bd5 11.Nxd5 exd5 12.Bd3 c6 13.Bd2 Qd7 14.Qc2 Rfe8 15.Rae1 h6
16.Bc3 Red8 17.Bf5 Qc7 18.e4 Nd7 19.e5 Nf8 20.Kh1 Ne6 21.Bxe6 fxe6 22.Qg6 Bf8
23.f4 Qf7 24.Qd3 Qf5 25.Qf3 h5 26.Rg1 Be7 27.Bd2 Kf7 28.Qb3 Rd7 29.Rc1 Rh8
30.Rge1 Rh6 31.a4 Rg6 32.Rc3 Bh4 33.Re2 Kg8 34.Qd1 Be7 35.Rh3 Rg4 36.b4 Rc7
37.Rf3 b6 38.Qb3 h4 39.h3 Rg6 40.Rc3 Qf8 41.Rf3 Qf5 42.Be1 Rh6 43.Kh2 Rh5
44.Qb2 Qf8 45.Rc2 Rf5 46.Qc1 Bxb4 47.Bxh4 c5 48.g4 Rff7 49.f5 exf5 50.e6 Rf6
51.Bxf6 Qxf6 52.Qf4 Re7 53.gxf5 c4 54.Rg2 Qf8 55.Kh1 Qd8 56.f6 Rxe6 57.Rxg7+ Kf8
58.Qh6 Re1+ 59.Rg1+ Kf7 60.Qg7+ Ke6 61.Rxe1+  1-0

[Event "35th Open"]
[Site "Fourmies FRA"]
[Date "2011.06.12"]
[Round "3.10"]
[White "Battaglini,G"]
[Black "Huang,Feibai"]
[Result "1-0"]
[WhiteElo "2412"]
[BlackElo "1340"]

1.d4 d5 2.c4 Nc6 3.e3 dxc4 4.Bxc4 Bf5 5.Nf3 e6 6.Nc3 Nb4 7.O-O Nc2 8.e4 Bxe4
9.Nxe4 Nxa1 10.Bg5 Be7 11.Bxe7 Nxe7 12.Qd2 O-O 13.Rxa1 h6 14.Re1 Nf5 15.Ng3 Nxg3
16.hxg3 Qf6 17.Ne5 Rfd8 18.Qc3 Rd6 19.Re3 Rf8 20.Bb3 Qd8 21.Nf3 Qf6 22.Qxc7 Rc6
23.Qxb7 Rc1+ 24.Kh2 Qf5 25.Qe4 Qh5+ 26.Nh4 g5 27.Qf3 Qxf3 28.Nxf3 Rfc8 29.g4 Rb1
30.Rxe6 Rxb2 31.Rxh6 Kg7 32.Ra6 Rxf2 33.Rxa7 Rf8 34.Nxg5 Rf4 35.Ne6+  1-0

[Event "ODEM U25-A"]
[Site "Oberhof GER"]
[Date "2011.06.12"]
[Round "1.14"]
[White "Humburg,Philipp"]
[Black "Mueller,Philipp2"]
[Result "1/2-1/2"]
[WhiteElo "1672"]
[BlackElo "2035"]

1.d4 d5 2.c4 Nc6 3.e3 e5 4.cxd5 Qxd5 5.Nc3 Bb4 6.Bd2 Bxc3 7.bxc3 Qd6 8.Bb5 Ne7
9.Ne2 O-O 10.O-O Be6 11.Qc2 Rad8 12.f4 exd4 13.cxd4 Nb4 14.Bxb4 Qxb4 15.Rfb1 Qa3
16.Bd3  1/2-1/2

[Event "Voronezh Master Open"]
[Site "Voronezh RUS"]
[Date "2011.06.12"]
[Round "1.31"]
[White "Peskov,A"]
[Black "Tomnikova,L"]
[Result "1-0"]
[WhiteElo "2382"]
[BlackElo "2127"]

1.d4 d5 2.c4 Nc6 3.Nc3 dxc4 4.Nf3 Bg4 5.d5 Bxf3 6.exf3 Ne5 7.Bf4 Ng6 8.Bxc4 Nf6
9.Bg3 a6 10.Qa4+ Nd7 11.Bb3 b5 12.Qd4 f6 13.O-O Nge5 14.Rfe1 Rc8 15.Rad1 g6
16.f4 Nf7 17.d6 Nxd6 18.Nd5 h5 19.Nxf6+ Nxf6 20.Qxf6 Rh6 21.Bf7+ Kd7 22.Qc3 c6
23.Be6+ Kc7 24.Bxc8 Qxc8 25.a4 h4 26.axb5 axb5 27.Qa5+ Kb7 28.Ra1 Qb8 29.Rec1 Nc4
30.Qa6+ Kc7 31.b3 hxg3 32.bxc4 gxf2+ 33.Kxf2 Qb6+ 34.Qxb6+ Kxb6 35.cxb5 cxb5
36.Ra8 Bg7 37.Rb8+ Ka5 38.Rb1 Rh5 39.Ra8+ Kb6 40.Kf3 Kb7 41.Re8 Bf6 42.g4 Rxh2
43.g5 Bd4 44.Rxe7+ Kc6 45.Re6+ Kc5 46.Rxg6 b4 47.Rg8 Bc3 48.Rc8+ Kd5 49.g6 Ke6  1-0

[Event "Voronezh Master Open"]
[Site "Voronezh RUS"]
[Date "2011.06.13"]
[Round "2.10"]
[White "Vlasenko,M"]
[Black "Golovin,Leo"]
[Result "1/2-1/2"]
[WhiteElo "2357"]
[BlackElo "2475"]

1.d4 d5 2.c4 Nc6 3.cxd5 Qxd5 4.e3 e5 5.Nc3 Bb4 6.Bd2 Bxc3 7.Bxc3 exd4 8.Ne2 Nf6
9.Nxd4 O-O 10.Nb5 Qg5 11.Nxc7 Bg4 12.Qb3 Rab8 13.Qb5 Qh6 14.Be2 a6 15.Qb3 Bxe2
16.Kxe2 Rfc8 17.Bxf6 Qxf6 18.Nd5 Qg5 19.Rhd1 Qh5+ 20.Kf1 Qxh2 21.Rac1 Qh1+
22.Ke2 Qh5+ 23.Kf1 Qh1+ 24.Ke2 Qh5+ 25.Kf1 Qh1+  1/2-1/2

[Event "1st Forni Open"]
[Site "Forni di Sopra ITA"]
[Date "2011.06.15"]
[Round "5"]
[White "Estremera Panos,S"]
[Black "Barletta,M"]
[Result "1/2-1/2"]
[WhiteElo "2364"]
[BlackElo "2265"]

1.d4 d5 2.c4 Nc6 3.Nf3 Bg4 4.Nc3 e6 5.Bf4 Bb4 6.e3 Nf6 7.a3 Bxc3+ 8.bxc3 O-O
9.h3 Bxf3 10.gxf3 Qe7 11.Bg5 dxc4 12.f4 Qd6 13.Bxf6 gxf6 14.Qg4+ Kh8 15.Qh4 Qe7
16.Rb1 f5 17.Qxe7 Nxe7 18.Bxc4 b6 19.Ke2 Rad8 20.Rhd1 Rg8 21.a4 c6 22.a5 b5
23.Ba2 a6 24.c4 Rg6 25.Rbc1 Rh6 26.Rh1 Kg7 27.Rc2 Kf8 28.Rcc1 Kg7 29.Rc2 Kf8  1/2-1/2

[Event "1st Forni Open"]
[Site "Forni di Sopra ITA"]
[Date "2011.06.16"]
[Round "7"]
[White "Mlynek,P"]
[Black "Barletta,M"]
[Result "1-0"]
[WhiteElo "2153"]
[BlackElo "2265"]

1.d4 d5 2.c4 Nc6 3.Nf3 Bg4 4.cxd5 Bxf3 5.gxf3 Qxd5 6.e3 e5 7.Nc3 Bb4 8.Bd2 Bxc3
9.bxc3 Qd6 10.Rb1 O-O-O 11.Qb3 b6 12.Qxf7 Nh6 13.Bh3+ Kb8 14.Qe6 Qxe6 15.Bxe6 exd4
16.Bh3 Rhe8 17.Rg1 Ne5 18.Rg3 d3 19.e4 Nhf7 20.f4 Nc4 21.e5 g5 22.e6 gxf4
23.Bxf4 d2+ 24.Ke2 Nfd6 25.Bg5 Ne4 26.Bxd8 Nxg3+ 27.hxg3 Rxd8 28.Rd1 c5 29.f4 Rg8
30.f5 Rxg3 31.f6 Rxh3 32.f7 Re3+ 33.Kf2 Rxe6 34.f8=Q+ Kc7 35.Qf7+ Kd6 36.Qxh7 a5
37.Qd3+  1-0

[Event "4th Karen Asrian Memorial"]
[Site "Jermuk ARM"]
[Date "2011.06.17"]
[Round "2"]
[White "Dilanian,G"]
[Black "Nadanian,A"]
[Result "0-1"]
[WhiteElo "2315"]
[BlackElo "2426"]

1.d4 d5 2.c4 Nc6 3.e3 e5 4.dxe5 d4 5.exd4 Qxd4 6.Qxd4 Nxd4 7.Bd3 Be6 8.Bd2 O-O-O
9.Bc3 Ne7 10.Nd2 Nec6 11.f4 g5 12.O-O-O gxf4 13.Ngf3 Nf5 14.Bxf5 Bxf5 15.Ng5 Rg8
16.Ndf3 h6 17.Nxf7 Rxd1+ 18.Rxd1 Be6 19.Nd4 Bxf7 20.e6 Nxd4 21.exf7 Ne2+
22.Kc2 Rxg2 23.Bf6 Nd4+ 24.Kd3 Ne6 25.Ke4 Ng5+ 26.Kf5 Nxf7 27.Ke6 Nd6 28.c5  0-1

[Event "DJEM U16"]
[Site "Oberhof GER"]
[Date "2011.06.18"]
[Round "9.8"]
[White "Kaulich,P"]
[Black "Gibicar,D"]
[Result "1/2-1/2"]
[WhiteElo "1999"]
[BlackElo "2037"]

1.d4 d5 2.c4 Nc6 3.Nc3 dxc4 4.d5 Na5 5.Qa4+ c6 6.dxc6 Nxc6 7.e4 Bd7 8.Bxc4 e6
9.Nf3 Rc8 10.Qd1 Bb4 11.O-O Qa5 12.Qe2 Nge7 13.Bd2 Ne5 14.Nxe5 Qxe5 15.Kh1 O-O
16.a3 Ba5 17.b4 Bb6 18.Rac1 Rfd8 19.Nb1 Bc6 20.Rfe1 Rd4 21.f3 Qh5 22.Be3 Nf5
23.exf5 Rh4 24.Bxb6 Rxh2+ 25.Kg1 axb6 26.fxe6 Rh1+ 27.Kf2 Qh4+ 28.Ke3 Rd8
29.Rcd1 Qg5+ 30.Kf2 Qh4+ 31.Ke3 Qg5+ 32.Kf2 Qh4+ 33.Ke3 Qg5+ 34.Kf2  1/2-1/2

[Event "49th National Challengers ch-IND"]
[Site "Aurangabad IND"]
[Date "2011.06.25"]
[Round "12"]
[White "Ashwin,J"]
[Black "Ram,S"]
[Result "1-0"]
[WhiteElo "2439"]
[BlackElo "2293"]

1.d4 d5 2.c4 Nc6 3.Nc3 Nf6 4.Nf3 dxc4 5.Bg5 h6 6.Bh4 e6 7.e3 Be7 8.Bxc4 O-O
9.O-O Nd5 10.Bg3 Nxc3 11.bxc3 Bd6 12.Bb3 Bxg3 13.fxg3 Qe7 14.Qd3 b6 15.Nh4 Bb7
16.Rf4 g5 17.Bc2 f5 18.Ng6 Qd6 19.Nxf8 Rxf8 20.Rf2 Na5 21.g4 Be4 22.Qe2 Qd5
23.Bxe4 Qxe4 24.Raf1  1-0

[Event "ch-NED Women"]
[Site "Boxtel NED"]
[Date "2011.07.01"]
[Round "6"]
[White "Peng Zhaoqin"]
[Black "Volkers,A"]
[Result "1-0"]
[WhiteElo "2375"]
[BlackElo "2046"]

1.d4 d5 2.c4 Nc6 3.e3 e5 4.cxd5 Qxd5 5.Nc3 Bb4 6.Bd2 Bxc3 7.bxc3 Qd6 8.Bd3 Nf6
9.Qb1 O-O 10.Ne2 Re8 11.f3 Rb8 12.O-O Bd7 13.Re1 Rbd8 14.Qxb7 Rb8 15.Qa6 Rb6
16.Qc4 Na5 17.Qc5 Qxc5 18.dxc5 Rc6 19.e4 Nb7 20.Be3 Nxc5 21.Bb5 Rb6 22.Bc4 Ba4
23.Bxc5 Rc6 24.Bb3 Bxb3 25.axb3 Rxc5 26.Rxa7 Rd8 27.Rea1 Kf8 28.Ra8 Ke7 29.Rxd8 Kxd8
30.Kf2 Kd7 31.Ke3 Rc6 32.g3 Ne8 33.Ra5 f6 34.f4 Ke6 35.Kd3 Nd6 36.f5+ Ke7
37.c4 Nb7 38.Rb5 Nd6 39.Rb8 Ne8 40.Nc3 Rd6+ 41.Nd5+ Kd7 42.c5 Ra6 43.Rxe8  1-0

[Event "Karvina Open"]
[Site "Karvina CZE"]
[Date "2011.07.02"]
[Round "1.11"]
[White "Tretina,Z"]
[Black "Klima,L"]
[Result "0-1"]
[WhiteElo "1814"]
[BlackElo "2349"]

1.d4 d5 2.c4 Nc6 3.e3 e5 4.Nf3 e4 5.Nfd2 f5 6.Nc3 Nf6 7.a3 Be6 8.b4 Be7 9.Be2 O-O
10.O-O dxc4 11.Bxc4 Bxc4 12.Nxc4 Kh8 13.Bb2 Bd6 14.Nxd6 cxd6 15.Qb3 Qe8 16.Ne2 g5
17.g3 Qh5 18.Qd1 Ng4 19.h4 gxh4 20.Nf4 Qh6 21.Kg2 hxg3 22.Rh1 Qg7 23.Ne6 Qg6
24.Nxf8 Rxf8 25.Qe2 gxf2 26.Kf1 d5 27.Rh3 f4 28.exf4 Rxf4 29.Rg3 Qf5 30.Rc1 Nh2+  0-1

[Event "9th Niki Open"]
[Site "Nachod CZE"]
[Date "2011.07.03"]
[Round "2.16"]
[White "Boruvka,Milan"]
[Black "Zidek,V"]
[Result "0-1"]
[WhiteElo "1954"]
[BlackElo "2166"]

1.d4 d5 2.c4 Nc6 3.cxd5 Qxd5 4.Nf3 e5 5.Nc3 Bb4 6.Bd2 Bxc3 7.Bxc3 e4 8.Ne5 Nxe5
9.dxe5 Ne7 10.e3 Qxd1+ 11.Rxd1 Be6 12.a3 O-O 13.g3 Bg4 14.Be2 Bxe2 15.Kxe2 Nc6
16.Rd7 Rac8 17.Rhd1 Rfe8 18.R1d5 Kf8 19.Rb5 b6 20.Rd2 a6 21.Rbd5 Ke7 22.e6 g6
23.Rd7+ Kxe6 24.b4 Red8 25.Rxd8 Rxd8 26.Rxd8 Nxd8 27.Kd2 Kd5 28.Bf6 Ne6 29.Kc3 h5
30.h3 b5 31.g4 hxg4 32.hxg4 Nf8 33.Be7 Nd7 34.Kb3 c6 35.a4 Ne5  0-1